Granada (Record no. 11050)
[ view plain ]
| 000 -LEADER | |
|---|---|
| campo de control de longitud fija | 00788nam a2200229 i 4500 |
| 001 - NÚMERO DE CONTROL | |
| campo de control | 11050 |
| 003 - IDENTIFICADOR DE NÚMERO DE CONTROL | |
| campo de control | ES-MaACL |
| 005 - FECHA Y HORA DE LA ÚLTIMA TRANSACCIÓN | |
| campo de control | 20231229063002.0 |
| 007 - CAMPO FIJO DE DESCRIPCIÓN FÍSICA--INFORMACIÓN GENERAL | |
| campo de control de longitud fija | t| |
| 008 - DATOS DE LONGITUD FIJA--INFORMACIÓN GENERAL | |
| campo de control de longitud fija | 921211s1984 sp ae |||| | spa d |
| 020 ## - NÚMERO INTERNACIONAL ESTÁNDAR DEL LIBRO | |
| Número Internacional Estándar del Libro | 84-505-0115-6 |
| 080 ## - NÚMERO DE LA CLASIFICACIÓN DECIMAL UNIVERSAL | |
| Número de la Clasificación Decimal Universal | 78:061.7(460.357 G.)(091) |
| 100 1# - ENTRADA PRINCIPAL--NOMBRE DE PERSONA | |
| Nombre de persona | Fernández-Cid, Antonio, |
| Fechas asociadas al nombre | 1916-1995 |
| 9 (RLIN) | 49578 |
| 245 10 - MENCIÓN DEL TÍTULO | |
| Título | Granada |
| Resto del título | : historia de un festival / |
| Mención de responsabilidad, etc. | Antonio Fernández-Cid. |
| 260 ## - PUBLICACIÓN, DISTRIBUCIÓN, ETC. | |
| Lugar de publicación, distribución, etc. | Madrid : |
| Nombre del editor, distribuidor, etc. | Dirección General de Música y Teatro, |
| Fecha de publicación, distribución, etc. | [1984] |
| 300 ## - DESCRIPCIÓN FÍSICA | |
| Extensión | 225 p : |
| Otras características físicas | il. col. y n., plan. ; |
| Dimensiones | 31 cm. |
| 500 ## - NOTA GENERAL | |
| Nota general | Índices. |
| 710 1# - ENTRADA AGREGADA--NOMBRE DE ENTIDAD CORPORATIVA | |
| Nombre de entidad corporativa o nombre de jurisdicción como elemento de entrada | España. |
| Unidad subordinada | Dirección General de Música y Teatro. |
| 9 (RLIN) | 3760 |
| 711 2# - ENTRADA AGREGADA--NOMBRE DE REUNIÓN | |
| Nombre de congreso/reunión o jurisdicción como elemento de entrada | Festival Internacional de Música y Danza de Granada. |
| 9 (RLIN) | 163321 |
| 852 ## - LOCALIZACIÓN | |
| Ubicación | ES-MaACL |
| Número de control de estantería | L-18424 |
| Estatus retirado | Estado de pérdida | Estado de daño | No para préstamo | Biblioteca de origen | Biblioteca actual | Ubicación en estantería | Fecha de adquisición | Fuente de adquisición | Total de préstamos | Signatura topográfica completa | Código de barras | Visto por última vez | Precio de reemplazo | Tipo de ítem Koha |
|---|---|---|---|---|---|---|---|---|---|---|---|---|---|---|
| Biblioteca del Ateneo de Madrid | Biblioteca del Ateneo de Madrid | Depósito 2 | 17/01/2008 | L-18424 | 1011269 | 23/02/2023 | 23/02/2023 | Libro impreso |
